=LDR 00000nam 2200000 4500 =001 INLIS000000000041138 =005 20200226070745 =035 ##$$a 0010-061300000041138 =008 200226################g##########0#ind## =041 ##$$a ind =082 ##$$a 155.2 =090 ##$$a 155.2, Muh k =100 ##$$a Muhammad, As'adi =245 1#$$a Kenali bakat anak dari golongan darahnya /$c As'adi Muhammad ; Editor Evi rine hartuti =650 #4$$a Kepribadian - Anak =850 ##$$a NBPNMAT =020 ##$$a 978-602-978-452-7 =084 ##$$a 155.2 MUH k =260 ##$$a Yogyakarta :$b Buku Biru,$c 2011 =300 ##$$a 154 hlm. : $b ilus. ; $c 14 x 20 cm. =700 #$$a Hartuti, Evi Rine =504 ##$$a Bibliografi : hlm. 149-151 =990 ##$$a 21110761 =990 ##$$a 21110762